Central Library OPAC University of Rajshahi

Backbench opinion in the House of Commons, 1945-55 / (Record no. 42630)

MARC details
000 -LEADER
fixed length control field 00725nam a2200253 a 4500
001 - CONTROL NUMBER
control field 42630
003 - CONTROL NUMBER IDENTIFIER
rucl marc code BD-RjUL
005 - DATE AND TIME OF LATEST TRANSACTION
control field 20211209053552.0
008 - FIXED-LENGTH DATA ELEMENTS--GENERAL INFORMATION
fixed length control field 160614s1973 enka s 001 0 eng d
020 ## - INTERNATIONAL STANDARD BOOK NUMBER
International Standard Book Number 0081067489
035 ## - SYSTEM CONTROL NUMBER
System control number (BD-RjUL)42748
040 ## - CATALOGING SOURCE
Language of cataloging eng
Original cataloging agency BD-RjUL
Transcribing agency BD-RjUL
041 ## - LANGUAGE CODE
Language code of text/sound track or separate title eng
082 ## - DEWEY DECIMAL CLASSIFICATION NUMBER
Edition number 23
Classification number 328.42
Author mark and year BEB 1973
100 1# - MAIN ENTRY--PERSONAL NAME
Personal name Berrington, Hugh.
9 (RLIN) 131052
245 10 - TITLE STATEMENT
Title Backbench opinion in the House of Commons, 1945-55 /
Statement of responsibility, etc. Hugh B. Berrington
250 ## - EDITION STATEMENT
Edition statement 1st ed.
260 ## - PUBLICATION, DISTRIBUTION, ETC. (IMPRINT)
Place of publication, distribution, etc. Oxford :
Name of publisher, distributor, etc. Pergamon Press,
Date of publication, distribution, etc. 1973.
300 ## - PHYSICAL DESCRIPTION
Pagination x, 265 p. :
Illustrations ill. ;
Size 25 cm.
500 ## - GENERAL NOTE
General note Includes index.
650 ## - SUBJECT ADDED ENTRY--TOPICAL TERM
Topical term or geographic name as entry element House of Commons.
Geographic subdivision Great Britain
9 (RLIN) 131053
Topical term or geographic name as entry element Parliament.
9 (RLIN) 131054
942 ## - ADDED ENTRY ELEMENTS (KOHA)
Source of classification or shelving scheme Dewey Decimal Classification
Koha item type Books
Holdings
Lost status Source of classification or shelving scheme Damaged status Not for loan Collection code Permanent Location Current Location Shelving location Date acquired Source of acquisition Total Checkouts Full call number Date last seen Copy number Koha item type
  Dewey Decimal Classification     Non-fiction Central Library, University of Rajshahi Central Library, University of Rajshahi   04/06/1975 Gonalthan   328.42 BEB 1973 14/06/2016 C-2 Books